000 00572nam a2200193 a 4500
005 20140310183210.0
008 030509s19uu xx 00 eng d
020 _a9710805827
050 _aHD 30.29
_b.D44 1982
100 _aDelaney, William A.
245 _aThe 30 most common problems in management & how to solve them /
_cWilliam A. Delaney.
260 _aNew York :
_bAmerican Management Association,
_c1982.
300 _ax, 182 p. :
_c22 cm.
521 _aBSBA
650 _aProblem solving
650 _aManagement
942 _cBK
_2lcc
_kFOR
999 _c20116
_d20116